Elementos para uma estética teológica da Casa Comum (Record no. 901586)

000 -CABECERA
Campo de control de longitud fija 00537nab a22001577 4500
003 - IDENTIFICADOR DEL NÚMERO DE CONTROL
Campo de control ES-SlBCS
005 - FECHA Y HORA DE LA ÚLTIMA TRANSACCIÓN
Campo de control 20250730115841.0
008 - CÓDIGOS DE INFORMACIÓN DE LONGITUD FIJA
Campo de control de longitud fija 230914s2024 po ||||| |||| 00| 0 por d
040 ## - FUENTE DE LA CATALOGACIÓN
Centro catalogador del origen ES-SlBCS
Lengua de catalogación spa
041 ## - CÓDIGO DE LENGUA
Código de lengua del texto/banda sonora o título independiente por
100 1# - PUNTO DE ACCESO PRINCIPAL-NOMBRE DE PERSONA
Nombre de persona Villas Boas, Alex
9 (RLIN) 119359
245 10 - MENCIÓN DE TÍTULO
Título Elementos para uma estética teológica da Casa Comum
Mención de responsabilidad, etc. Alex Villas Boas, Renato Vieira
700 1# - PUNTO DE ACCESO ADICIONAL-NOMBRE DE PERSONA
9 (RLIN) 209278
Nombre de persona Vieira, Luiz Renato
773 0# - ENLACE AL DOCUMENTO FUENTE
Parte(s) relacionada(s) Vol. 6, fasc. 1, 2024, págs. 105-138
Título Ephata - Revista Portuguesa de Teologia
Número de control del registro relacionado Rev526
Número Internacional Normalizado para Publicaciones Seriadas (ISSN) 2184-5778
942 ## - ENTRADA DE ELEMENTOS AGREGADOS (KOHA)
Fuente de clasificaión o esquema
Koha [por defecto] tipo de item Artículos de revista
Holdings
Suprimido Perdido Fuente de clasificación o esquema Estropeado No para préstamo Localización permanente Localización actual Fecha adquisición Préstamos totales Fecha última consulta Fecha del precio de reemplazo Tipo de item de Koha
          San Esteban San Esteban 30/07/2025   30/07/2025 30/07/2025 Artículos de revista

Bibliotecas Dominicos Provincia Hispania, 2016

Con tecnología Koha